000
00210nam a22000857a 4500
008
160711b xxu||||| |||| 00| 0 eng d
100
_9
2576
_a
Kohli, B, J
245
_a
Physics - XII
260
_a
New Delhi
_b
Arya
_c
1984
999
_c
2241
_d
2241